00662cam a2200193 a 4500008004100000020002200041100002500063245009200088250001200180260005200192300008000244500002000324504004100344650003400385700002200419003000100441005001700442040000900459  a0136301959 (pbk.)1 aTanenbaum, Andrew S.10aOperating systems :bdesign and implementation /cAndrew S. Tanenbaum, Alfred Woodhull. a2nd ed. aUpper Saddle River, NJ :bPrentice Hall,c1997. axvii, 939 p. :bill. ;c24 cm. +e1 computer laser optical disc (4 3/4 in.) aIncludes index. aIncludes bibliographical references. 0aOperating systems (Computers)1 aWoodhull, Alfred.20230123134246.0 cNUST